Атлас дефектов сварных соединений и основного металла: учебное пособие

التفاصيل البيبلوغرافية
المؤلف الرئيسي: Калиниченко Н. П. Николай Петрович
مؤلف مشترك: Национальный исследовательский Томский политехнический университет (ТПУ)
مؤلفون آخرون: Васильева М. А. Марина Александровна, Радостев А. Ю. Александр Юрьевич
الملخص:Атлас дефектов сварных соединений и основного металла включает варианты графического представления дефектов сварных соединений, фотографии и микроструктуры дефектов основного металла. Приведена информация о причинах образования дефектов, путях их предотвращения и способах устранения. Данная работа развивает раздел "Дефекты поверхности основного металла" РД 03-606-03. Предназначено для студентов, обучающихся по специальности 200102 "Физические методы и приборы контроля качества и диагностики" направления 200100 "Приборостроение", а также может быть полезно для персонала, сертифицирующегося на I и II уровень квалификации по визуальному и измерительному контролю.
اللغة:الروسية
منشور في: Томск, Изд-во ТПУ, 2011
الموضوعات:
التنسيق: كتاب
KOHA link:https://koha.lib.tpu.ru/cgi-bin/koha/opac-detail.pl?biblionumber=204914

MARC

LEADER 00000nam0a2200000 4500
001 204914
005 20231101225239.0
010 |a 9785982989086 
035 |a (RuTPU)RU\TPU\book\223359 
035 |a RU\TPU\book\136399 
090 |a 204914 
100 |a 20111205d2011 m y0rusy50 ca 
101 0 |a rus 
102 |a RU 
105 |a a j 001zy 
200 1 |a Атлас дефектов сварных соединений и основного металла  |e учебное пособие  |f Н. П. Калиниченко, М. А. Васильева, А. Ю. Радостев  |g Национальный исследовательский Томский политехнический университет (ТПУ) 
210 |a Томск  |c Изд-во ТПУ  |d 2011 
215 |a 71 с.  |c ил. 
320 |a Список использованных источников: с. 66. 
330 |a Атлас дефектов сварных соединений и основного металла включает варианты графического представления дефектов сварных соединений, фотографии и микроструктуры дефектов основного металла. Приведена информация о причинах образования дефектов, путях их предотвращения и способах устранения. Данная работа развивает раздел "Дефекты поверхности основного металла" РД 03-606-03. Предназначено для студентов, обучающихся по специальности 200102 "Физические методы и приборы контроля качества и диагностики" направления 200100 "Приборостроение", а также может быть полезно для персонала, сертифицирующегося на I и II уровень квалификации по визуальному и измерительному контролю. 
452 1 |0 (RuTPU)RU\TPU\book\234536  |t Атлас дефектов сварных соединений и основного металла  |o учебное пособие  |f Н. П. Калиниченко, М. А. Васильева, А. Ю. Радостев  |g Национальный исследовательский Томский политехнический университет (ТПУ) ; под ред.   |c Томск  |n Изд-во ТПУ  |d 2011  |a Калиниченко, Николай Петрович 
606 1 |a Сварные соединения и швы  |x Надежность  |2 stltpush  |3 (RuTPU)RU\TPU\subj\53987  |9 72150 
610 1 |a основные металлы 
610 1 |a дефекты 
610 1 |a визуальный контроль 
610 1 |a измерительный контроль 
610 1 |a поверхности 
610 1 |a микроструктура 
610 1 |a атласы 
610 1 |a учебные пособия 
610 1 |a труды учёных ТПУ 
675 |a 621.791.05(075.8)  |v 3 
700 1 |a Калиниченко  |b Н. П.  |c специалист в области неразрушающего контроля  |c доцент Томского политехнического университета, кандидат технических наук  |f 1945-  |g Николай Петрович  |2 stltpush  |3 (RuTPU)RU\TPU\pers\27076 
701 1 |a Васильева  |b М. А.  |c специалист в области неразрушающего контроля  |c инженер Томского политехнического университета  |g Марина Александровна  |2 stltpush  |3 (RuTPU)RU\TPU\pers\28998 
701 1 |a Радостев  |b А. Ю.  |g Александр Юрьевич 
712 0 2 |a Национальный исследовательский Томский политехнический университет (ТПУ)  |c (2009- )  |2 stltpush  |3 (RuTPU)RU\TPU\col\15902 
801 1 |a RU  |b 63413507  |c 20071123  |g PSBO 
801 2 |a RU  |b 63413507  |c 20131126  |g PSBO 
900 |a Визуальный и измерительный контроль 
900 |a Визуально-оптические методы контроля и диагностики 
942 |c BK